| 000 | 00417nam a2200169Ia 4500 | ||
|---|---|---|---|
| 008 | 130318s9999 xx 000 0 und d | ||
| 020 | _a8173713162 | ||
| 082 | _a658.45 PAR/L | ||
| 100 | _aParsloe, Eric | ||
| 245 | _aLearning for earning | ||
| 260 |
_bUniversities Press _aHyderabad _c2000 |
||
| 300 | _a77 | ||
| 440 | _aManagement Shapers | ||
| 650 | _aLEARNING | ||
| 650 | _aMANAGEMENT | ||
| 700 | _aAllen, Caroline | ||
| 999 |
_c25 _d25 |
||